Птицы Южной России. Т. 1: Неворобьиные (Запись № 12979605)

Подробности
000 -МАРКЕР
контрольное поле 01623nam2a2200289 4500
001 - ИДЕНТИФИКАТОР ЗАПИСИ
контрольное поле RU\NLR\BIBL_A\012733410
005 - ИДЕНТИФИКАТОР ВЕРСИИ
контрольное поле 20220412140524.0
010 ## - МЕЖДУНАРОДНЫЙ СТАНДАРТНЫЙ НОМЕР КНИГИ (ISBN)
Номер (ISBN) 978-5-9275-3875-1
Уточнения т.1
Тираж 300
021 ## - НОМЕР ГОСУДАРСТВЕННОЙ РЕГИСТРАЦИИ
Код страны российская федерация
Номер КН-П-21-086492
Номер Листа государственной регистраци КН-П-21-6892
035 ## - ДРУГИЕ СИСТЕМНЫЕ НОМЕРА
Идентификатор записи (NLR Aleph) 012733410
100 ## - ДАННЫЕ ОБЩЕЙ ОБРАБОТКИ
Данные общей обработки 20220318d2021 k y0rusy50 ca
101 0# - ЯЗЫК РЕСУРСА
Язык текста, звукозаписи и т.д. русский
Язык резюме английский
Язык оглавления русский
-- английский
102 ## - СТРАНА ПУБЛИКАЦИИ ИЛИ ПРОИЗВОДСТВА
Страна публикации российская федерация
105 ## - ПОЛЕ КОДИРОВАННЫХ ДАННЫХ: ТЕКСТОВЫЕ МАТЕРИАЛЫ, МОНОГРАФИЧЕСКИЕ
Кодированные данные о монографическом текстовом документе abchz|||000zy
200 1# - ЗАГЛАВИЕ И СВЕДЕНИЯ ОБ ОТВЕТСТВЕННОСТИ
Основное заглавие Неворобьиные
Параллельное заглавие Non-passerines
Язык параллельного заглавия английский
210 ## - ПУБЛИКАЦИЯ, РАСПРОСТРАНЕНИЕ И ДР.
Дата издания, распространения и т.д. 2021
215 ## - ФИЗИЧЕСКАЯ ХАРАКТЕРИСТИКА
Специфическое обозначение материала и объем 810, [1] с.
Другие сведения о физической характеристике ил., портр., карты, факс., табл.
320 ## - ПРИМЕЧАНИЯ О НАЛИЧИИ В ДОКУМЕНТЕ БИБЛИОГРАФИИ / УКАЗАТЕЛЯ
Текст примечания Библиогр.: с. 648-804
461 #0 - УРОВЕНЬ НАБОРА
Встроенное поле 001RU\NLR\BIBL_A\012733405
-- 2001#$aПтицы Южной России$dBirds of Southern Russia$eматериалы к кадастру$eв двух томах$fВ.П. Белик$gЮжный федеральный университет [и др.]$zeng$vТ. 1
-- 700#1$aБелик$bВ. П.$f1948-$gВиктор Павлович
Системный номер (АБИС) связанной записи 12979590
Автор Белик, В. П. (1948-)
Место публикации Ростов-на-Дону
Дата публикации 2021
Первые сведения об ответственности В.П. Белик
Параллельное заглавие Birds of Southern Russia
Имя издателя, распространителя и т.д. Изд-во Южного федерального университета
Сведения, относящиеся к заглавию материалы к кадастру : в двух томах
Заглавие Птицы Южной России
ISBN 9785927538744
Номер тома Т. 1
510 1# - ПАРАЛЛЕЛЬНОЕ ЗАГЛАВИЕ
Параллельное заглавие Non-passerines
Язык заглавия английский
606 1# - НАИМЕНОВАНИЕ ТЕМЫ КАК ПРЕДМЕТ
Наименование темы Неворобьиные
Географический подзаголовок Российская Федерация
-- Европейская часть
-- Юг
Системный номер авторитетной/нормативной записи 2510396
Идентификатор авторитетной/нормативной записи RU\NLR\AUTH\6601703303
686 1# - ИНДЕКСЫ ДРУГИХ КЛАССИФИКАЦИЙ
Индекс Е693.352/354(2Р37)
942 ## - ДОПОЛНИТЕЛЬНЫЕ ЭЛЕМЕНТЫ ЗАПИСИ (АБИС)
Тип экземпляра АБИС Книга
980 ## - КОЛЛЕКЦИЯ
Название коллекции Национальная библиография
Экземпляры
Тип экземпляра Дата поступления Источник поступления Библиотека постоянного хранения Библиотека текущего хранения Место хранения Шифр хранения Штрих-код Статус не для выдачи
Книга 18.03.2022 Обязательный экземпляр РНБ (Московский) РНБ (Московский) Русский книжный фонд: издания с 1957 года, 8этаж, Хран. 2022-3/6867 1-3728238  
Книга 18.03.2022 Обязательный экземпляр РНБ (Московский) РНБ (Московский) Русский книжный фонд: издания с 1957 года, 8этаж, Хран. 2022-3/6867 1-3728249